[Event "2 Bundesliga West 2007/2008"]
[Site "Jenbach"]
[Date "2007.11.18"]
[Round "5"]
[Board "1"]
[White "Westermeier, Arnulf"]
[Black "Bayer, Bernhard"]
[Result "1/2-1/2"]
[WhiteElo "2272"]
[BlackElo "2367"]
[PlyCount "91"]
[EventDate "2007.10.06"]
[EventType "team"]
[EventRounds "11"]
[EventCountry "AUT"]
[WhiteTeam "ASK Salzburg"]
[BlackTeam "Schwaz"]

1.e4 c6 2.d4 d5 3.Nc3 dxe4 4.Nxe4 Nf6 5.Nxf6+ gxf6 6.c3 Bf5 7.Nf3 Qc7 8.g3 Nd7
9.Bg2 O-O-O 10.Qa4 a6 11.O-O e5 12.Re1 Nb6 13.Qb3 c5 14.Be3 Be6 15.Qd1 Nc4
16.Qe2 h6 17.dxe5 fxe5 18.Bc1 f6 19.b3 Nd6 20.Nh4 Bg7 21.Be3 c4 22.Rab1 Nb5
23.Qb2 cxb3 24.axb3 f5 25.c4 e4 26.Qc1 Nc3 27.Ra1 Rd1 28.Qxd1 Nxd1 29.Raxd1 Rd8
30.Ng6 Bc3 31.Rxd8+ Qxd8 32.Rc1 Bb2 33.Rb1 Qf6 34.Nf4 Bf7 35.Bh3 b5 36.Nd5 Bxd5
37.cxd5 a5 38.d6 Ba3 39.Bf1 Qxd6 40.Bxb5 Kb7 41.Bf4 Qb6 42.Ba4 Bc5 43.Rf1 e3
44.fxe3 Bxe3+ 45.Kg2 Bxf4 46.Rxf4

[Event "2 Bundesliga West 2007/2008"]
[Site "Jenbach"]
[Date "2007.11.18"]
[Round "5"]
[Board "2"]
[White "Fuchs, Georg"]
[Black "Teufl, Siegfried"]
[Result "1-0"]
[WhiteElo "2221"]
[BlackElo "2207"]
[PlyCount "37"]
[EventDate "2007.10.06"]
[EventType "team"]
[EventRounds "11"]
[EventCountry "AUT"]
[WhiteTeam "Schwaz"]
[BlackTeam "ASK Salzburg"]

1.e4 e5 2.Nf3 Nc6 3.d4 exd4 4.Bc4 Nf6 5.O-O Nxe4 6.Re1 d5 7.Bxd5 Qxd5 8.Nc3 Qa5
9.Nxe4 Be6 10.Neg5 O-O-O 11.Nxe6 fxe6 12.Rxe6 Qf5 13.Qe2 Bd6 14.Bg5 Rdf8 15.Rd1
Kd7 16.Re4 Re8 17.Rxe8 Rxe8 18.Qc4 b5 19.Qxc6+

[Event "2 Bundesliga West 2007/2008"]
[Site "Jenbach"]
[Date "2007.11.18"]
[Round "5"]
[Board "3"]
[White "Juergens, Klaus"]
[Black "Gruber, Michael"]
[Result "1/2-1/2"]
[WhiteElo "2181"]
[BlackElo "2146"]
[PlyCount "34"]
[EventDate "2007.10.06"]
[EventType "team"]
[EventRounds "11"]
[EventCountry "AUT"]
[WhiteTeam "ASK Salzburg"]
[BlackTeam "Schwaz"]

1.Nf3 f5 2.d3 Nf6 3.e4 d6 4.Nc3 g6 5.h4 Bg7 6.Bg5 Nc6 7.Qd2 e5 8.d4 h6 9.dxe5
hxg5 10.exf6 Bxf6 11.Nd5 fxe4 12.Nxf6+ Qxf6 13.Nxg5 Qxb2 14.Rd1 Bf5 15.c3 Qxd2+
16.Kxd2 Ne5 17.Re1 O-O-O

[Event "2 Bundesliga West 2007/2008"]
[Site "Jenbach"]
[Date "2007.11.18"]
[Round "5"]
[Board "4"]
[White "Riedl, Johannes"]
[Black "Besner, Bernhard"]
[Result "0-1"]
[WhiteElo "2142"]
[BlackElo "2119"]
[PlyCount "22"]
[EventDate "2007.10.06"]
[EventType "team"]
[EventRounds "11"]
[EventCountry "AUT"]
[WhiteTeam "Schwaz"]
[BlackTeam "ASK Salzburg"]

1.e4 d5 2.exd5 Qxd5 3.Nc3 Qa5 4.Bc4 Nf6 5.d4 Nc6 6.Bf4 Bg4 7.f3 O-O-O 8.fxg4
Rxd4 9.Qxd4 Nxd4 10.O-O-O e5 11.Bxf7 Bb4

[Event "2 Bundesliga West 2007/2008"]
[Site "Jenbach"]
[Date "2007.11.18"]
[Round "5"]
[Board "5"]
[White "LOeffler, Christoph"]
[Black "KOell,  Hannes"]
[Result "0-1"]
[WhiteElo "2172"]
[BlackElo "2119"]
[PlyCount "76"]
[EventDate "2007.10.06"]
[EventType "team"]
[EventRounds "11"]
[EventCountry "AUT"]
[WhiteTeam "ASK Salzburg"]
[BlackTeam "Schwaz"]

1.f4 g6 2.Nf3 Bg7 3.e4 d5 4.exd5 Qxd5 5.Be2 Nf6 6.d4 O-O 7.c4 Qd8 8.Nc3 c5 9.d5
e6 10.O-O exd5 11.cxd5 Re8 12.Ne5 Nbd7 13.Nxd7 Bxd7 14.Qb3 b5 15.Bf3 b4 16.Nb1
Bb5 17.Rd1 Be2 18.Bxe2 Rxe2 19.Nd2 Qxd5 20.Qxd5 Nxd5 21.Nc4 Bd4+ 22.Kh1 Nb6
23.Ne5 Re8 24.Nf3 Bxb2 25.Bxb2 Rxb2 26.Ne5 c4 27.a4 f6 28.Ng4 Kg7 29.a5 Nc8
30.Rd7+ Re7 31.Rd8 Rc7 32.Rad1 Re2 33.h4 h5 34.Rxc8 Rxc8 35.Rd7+ Kf8 36.Nxf6 Re6
37.Nd5 c3 38.f5 gxf5

[Event "2 Bundesliga West 2007/2008"]
[Site "Jenbach"]
[Date "2007.11.18"]
[Round "5"]
[Board "6"]
[White "Streiter, Gerhard"]
[Black "Scheiblmaier, Robert"]
[Result "0-1"]
[WhiteElo "1926"]
[BlackElo "2135"]
[PlyCount "98"]
[EventDate "2007.10.06"]
[EventType "team"]
[EventRounds "11"]
[EventCountry "AUT"]
[WhiteTeam "Schwaz"]
[BlackTeam "ASK Salzburg"]

1.e4 e6 2.d4 d5 3.e5 c5 4.c3 Qb6 5.Nf3 Nc6 6.a3 c4 7.Nbd2 f6 8.Be2 fxe5 9.Nxe5
Nxe5 10.dxe5 Bc5 11.O-O Ne7 12.Bh5+ g6 13.Bg4 h5 14.Be2 Rf8 15.Nf3 Bd7 16.Rb1
O-O-O 17.Bg5 Rde8 18.Qd2 Nf5 19.Bf6 Be7 20.Qg5 Bxf6 21.exf6 Qd8 22.Qxg6 Rxf6
23.Qxh5 Rg8 24.Ng5 Rh6 25.Nf7 Rxh5 26.Nxd8 Rh7 27.Nxb7 Kxb7 28.b3 cxb3 29.Rxb3+
Kc7 30.Rfb1 Bc6 31.Bd3 d4 32.g3 Rxh2 33.Kf1 Bf3 34.Ke1 Rh1+ 35.Kd2 Rxb1 36.Rxb1
dxc3+ 37.Kxc3 Kd6 38.Rb4 Rc8+ 39.Kd2 Ke5 40.g4 Nd6 41.Ke3 Bd5 42.f4+ Kf6 43.g5+
Kg7 44.Kd4 Re8 45.Ke5 Nf7+ 46.Kd4 Nd8 47.Ke3 Nc6 48.Rb2 Rb8 49.Rh2 Rb3

[Event "2 Bundesliga West 2007/2008"]
[Site "Jenbach"]
[Date "2007.11.18"]
[Round "5"]
[Board "1"]
[White "Lehner, Oliver"]
[Black "Heinzel, Olaf"]
[Result "1-0"]
[WhiteElo "2419"]
[BlackElo "2392"]
[PlyCount "139"]
[EventDate "2007.10.06"]
[EventType "team"]
[EventRounds "11"]
[EventCountry "AUT"]
[WhiteTeam "Sparkasse Jenbach"]
[BlackTeam "Rochade Rum"]

1.Nf3 d5 2.g3 Bf5 3.Bg2 e6 4.d3 h6 5.O-O Nf6 6.c4 Nbd7 7.cxd5 exd5 8.e4 dxe4
9.dxe4 Bxe4 10.Nc3 Be7 11.Nxe4 Nxe4 12.Nd4 Nd6 13.Bxb7 Nxb7 14.Nc6 Qc8 15.Re1
Kf8 16.Nxe7 Qd8 17.Qf3 Nd6 18.Ng6+ Kg8 19.Nxh8 Kxh8 20.Bf4 Nf6 21.Rad1 Rb8
22.Be5 Nfe8 23.Qe3 Kg8 24.Qxa7 Ra8 25.Qc5 Rxa2 26.Qd5 Ra8 27.Bc3 Rb8 28.Re2 Qd7
29.Rde1 Kf8 30.Qd3 Qf5 31.Qa6 Qf3 32.Re3 Qd5 33.Qa4 Qb5 34.Qc2 Qf5 35.Qe2 Qb5
36.Qf3 Qd7 37.R1e2 Nf5 38.Bb4+ Nfd6 39.Bc5 Nf6 40.Rd3 Kg8 41.Bxd6 cxd6 42.Kg2 d5
43.Rd4 h5 44.Qd3 Qd6 45.Qf5 Qb6 46.Qf4 Rd8 47.Rb4 Qa7 48.Qd4 Qd7 49.Rb6 Ne4
50.Qe5 h4 51.Rb8 h3+ 52.Kg1 Rxb8 53.Qxb8+ Kh7 54.Qf4 g5 55.Qe3 Qf5 56.f3 Nf6
57.Re1 Kg7 58.g4 Qg6 59.b4 d4 60.Qxd4 Qc2 61.Qf2 Qb3 62.Qe3 Qd5 63.Qf2 Qb3
64.Re5 Qd1+ 65.Qe1 Qxf3 66.Rxg5+ Kf8 67.Qd2 Qc6 68.b5 Qb6+ 69.Kf1 Ne4 70.Qb4+

[Event "2 Bundesliga West 2007/2008"]
[Site "Jenbach"]
[Date "2007.11.18"]
[Round "5"]
[Board "2"]
[White "Deglmann, Ludwig"]
[Black "Schlosser, Philipp"]
[Result "0-1"]
[WhiteElo "2327"]
[BlackElo "2564"]
[PlyCount "56"]
[EventDate "2007.10.06"]
[EventType "team"]
[EventRounds "11"]
[EventCountry "AUT"]
[WhiteTeam "Rochade Rum"]
[BlackTeam "Sparkasse Jenbach"]

1.d4 Nf6 2.Nf3 e6 3.e3 b6 4.Bd3 Bb7 5.O-O Be7 6.b3 O-O 7.Bb2 c5 8.c4 cxd4 9.exd4
d5 10.Nc3 Nc6 11.Qe2 Nb4 12.Bb1 Rc8 13.Ne5 Ba6 14.Rd1 Nc6 15.Qe3 Bb4 16.Qh3 h6
17.Rd3 Re8 18.Rg3 h5 19.Bc1 dxc4 20.Ne4 Nxe5 21.Nxf6+ Qxf6 22.Bg5 Nf3+ 23.gxf3
Qxd4 24.Qxh5 f5 25.Qg6 cxb3 26.Kg2 Ba3 27.Rh3 Bf1+ 28.Kxf1 b2

[Event "2 Bundesliga West 2007/2008"]
[Site "Jenbach"]
[Date "2007.11.18"]
[Round "5"]
[Board "3"]
[White "BOensch, Uwe"]
[Black "Gatterer, Florian"]
[Result "1/2-1/2"]
[WhiteElo "2530"]
[BlackElo "2301"]
[PlyCount "120"]
[EventDate "2007.10.06"]
[EventType "team"]
[EventRounds "11"]
[EventCountry "AUT"]
[WhiteTeam "Sparkasse Jenbach"]
[BlackTeam "Rochade Rum"]

1.d4 d5 2.c4 c6 3.Nf3 Nf6 4.Nc3 a6 5.e3 b5 6.b3 Bg4 7.Bd2 Nbd7 8.cxd5 cxd5 9.a4
b4 10.Ne2 a5 11.Ne5 Bxe2 12.Bxe2 e6 13.Bb5 Bd6 14.Nc6 Qb6 15.Rc1 O-O 16.f3 Rac8
17.Qe2 Rc7 18.O-O Rfc8 19.Kh1 Rxc6 20.Bxc6 Rxc6 21.Rxc6 Qxc6 22.Rc1 Qb7 23.Be1
Kf8 24.Bg3 Ke7 25.Bxd6+ Kxd6 26.Kg1 h6 27.Kf2 Ke7 28.Qb5 Qxb5 29.axb5 Kd8 30.Ke2
Ne8 31.Ra1 Kc7 32.Rxa5 Kb7 33.e4 Nc7 34.Kd3 Kb6 35.Ra1 Kxb5 36.e5 Nb8 37.g4 Nc6
38.f4 Kb6 39.h4 Nb5 40.Ra8 Nbxd4 41.Rf8 Nxb3 42.Rxf7 Nc5+ 43.Kd2 b3 44.Rxg7 d4
45.g5 h5 46.g6 Nb4 47.Kc1 d3 48.Rg8 d2+ 49.Kxd2 b2 50.Rb8+ Nb7 51.g7 b1=Q
52.g8=Q Qc2+ 53.Ke3 Nd5+ 54.Kf3 Qd3+ 55.Kf2 Qd2+ 56.Kg1 Nxf4 57.Kh1 Qd5+ 58.Kh2
Qd2+ 59.Kh1 Qd5+ 60.Kh2 Qd2+

[Event "2 Bundesliga West 2007/2008"]
[Site "Jenbach"]
[Date "2007.11.18"]
[Round "5"]
[Board "4"]
[White "Hengl, Christian"]
[Black "Reich, Thomas"]
[Result "0-1"]
[WhiteElo "2207"]
[BlackElo "2430"]
[PlyCount "106"]
[EventDate "2007.10.06"]
[EventType "team"]
[EventRounds "11"]
[EventCountry "AUT"]
[WhiteTeam "Rochade Rum"]
[BlackTeam "Sparkasse Jenbach"]

1.e4 c5 2.Nc3 g6 3.g3 Bg7 4.Bg2 Nc6 5.d3 d6 6.f4 Nf6 7.Nf3 O-O 8.O-O Rb8 9.h3 b5
10.g4 b4 11.Ne2 Ne8 12.f5 Nc7 13.Qe1 Nb5 14.Qh4 Nbd4 15.Nexd4 Nxd4 16.Nxd4 Bxd4+
17.Kh1 Bb7 18.Rb1 f6 19.Bh6 Rf7 20.c3 g5 21.Qe1 Be5 22.Qe3 Qb6 23.Rfd1 Bf4
24.Qf2 Bc6 25.cxb4 Qxb4 26.h4 Kh8 27.Bf3 Rg8 28.Kg2 Be5 29.Kh3 a5 30.Qe3 Qd4
31.Qd2 Bf4 32.Qe1 Qe5 33.Qc3 gxh4 34.Qxe5 fxe5 35.Bxf4 exf4 36.Kxh4 Rfg7 37.Rg1
Rg5 38.Rbf1 h6 39.Be2 Kg7 40.Rxf4 Kf6 41.Rc1 Ke5 42.Kg3 h5 43.Rcf1 Bd7 44.Kh4
hxg4 45.Rxg4 Rxg4+ 46.Bxg4 Kd4 47.Rf3 a4 48.Bh3 Rb8 49.Rf2 Ke3 50.Rh2 Bb5 51.Kg5
Rg8+ 52.Kh6 Bxd3 53.Kh7 Rg3

[Event "2 Bundesliga West 2007/2008"]
[Site "Jenbach"]
[Date "2007.11.18"]
[Round "5"]
[Board "5"]
[White "Stangl, Markus"]
[Black "Jedinger, Andreas"]
[Result "1-0"]
[WhiteElo "2453"]
[BlackElo "2178"]
[PlyCount "44"]
[EventDate "2007.10.06"]
[EventType "team"]
[EventRounds "11"]
[EventCountry "AUT"]
[WhiteTeam "Sparkasse Jenbach"]
[BlackTeam "Rochade Rum"]

1.Nf3 d5 2.c4 c6 3.Qc2 Nf6 4.g3 dxc4 5.Qxc4 Bf5 6.Bg2 Nbd7 7.d4 e6 8.Nc3 Be7
9.Bg5 O-O 10.O-O Ne4 11.Bxe7 Qxe7 12.Qb3 Rab8 13.a4 a5 14.Rfc1 Nxc3 15.Qxc3 Qd8
16.Nd2 Qc7 17.Nb3 Ra8 18.e4 Bg6 19.d5 Ne5 20.dxe6 fxe6 21.Nc5 Ng4 22.Nxe6 Qb6

[Event "2 Bundesliga West 2007/2008"]
[Site "Jenbach"]
[Date "2007.11.18"]
[Round "5"]
[Board "6"]
[White "Muehlbacher, Bernhard"]
[Black "Kleissl, Helmut"]
[Result "0-1"]
[WhiteElo "2134"]
[BlackElo "2302"]
[PlyCount "70"]
[EventDate "2007.10.06"]
[EventType "team"]
[EventRounds "11"]
[EventCountry "AUT"]
[WhiteTeam "Rochade Rum"]
[BlackTeam "Sparkasse Jenbach"]

1.c4 d6 2.g3 e5 3.Bg2 f5 4.d3 Nf6 5.Nc3 Be7 6.e3 c6 7.Nge2 O-O 8.h3 d5 9.O-O Na6
10.a3 Be6 11.f4 e4 12.Nd4 Bd7 13.b4 c5 14.Nc2 cxb4 15.axb4 Nxb4 16.Nxb4 Bxb4
17.Nxd5 Nxd5 18.cxd5 Bb5 19.Qb3 a5 20.dxe4 Bxf1 21.Kxf1 fxe4 22.Bxe4 Qc7 23.Kg2
Rf6 24.Bb2 Rh6 25.h4 Bf8 26.Bd4 Kh8 27.Qd3 a4 28.Bf3 a3 29.e4 Ra5 30.f5 a2
31.Qd2 Rha6 32.Bc3 Ra3 33.Bb2 R3a4 34.Bd1 Rb4 35.Be2 Ra8

[Event "2 Bundesliga West 2007/2008"]
[Site "Jenbach"]
[Date "2007.11.18"]
[Round "5"]
[Board "1"]
[White "Dobosz, Henryk"]
[Black "Blaskowski, Johannes"]
[Result "1/2-1/2"]
[WhiteElo "2430"]
[BlackElo "2328"]
[PlyCount "39"]
[EventDate "2007.10.06"]
[EventType "team"]
[EventRounds "11"]
[EventCountry "AUT"]
[WhiteTeam "GOetzis"]
[BlackTeam "WOergl"]

1.d4 Nf6 2.Nf3 c5 3.e3 g6 4.c4 Bg7 5.Nc3 O-O 6.Be2 cxd4 7.Nxd4 Nc6 8.Nc2 d6 9.e4
Be6 10.O-O Na5 11.b3 b5 12.cxb5 Rc8 13.Bd2 Nd7 14.Nd5 Bxd5 15.exd5 Bxa1 16.Nxa1
Nf6 17.Bf3 Re8 18.Be3 Qc7 19.Qd4 Nb7 20.b4

[Event "2 Bundesliga West 2007/2008"]
[Site "Jenbach"]
[Date "2007.11.18"]
[Round "5"]
[Board "2"]
[White "Grundherr, Martin"]
[Black "Eisenbeiser, Amadeus"]
[Result "1/2-1/2"]
[WhiteElo "2282"]
[BlackElo "2319"]
[PlyCount "34"]
[EventDate "2007.10.06"]
[EventType "team"]
[EventRounds "11"]
[EventCountry "AUT"]
[WhiteTeam "WOergl"]
[BlackTeam "GOetzis"]

1.d4 d6 2.g3 g6 3.Bg2 Bg7 4.e4 e5 5.c3 Nc6 6.Be3 Nf6 7.d5 Ne7 8.h3 O-O 9.Ne2 Ne8
10.c4 f5 11.Nbc3 Nf6 12.Qd2 Nxe4 13.Nxe4 fxe4 14.Bxe4 Nf5 15.Bxf5 gxf5 16.Bh6
Bxh6 17.Qxh6 Qf6

[Event "2 Bundesliga West 2007/2008"]
[Site "Jenbach"]
[Date "2007.11.18"]
[Round "5"]
[Board "3"]
[White "Schmidlechner, Alexander"]
[Black "Bertagnolli, Alexander"]
[Result "1/2-1/2"]
[WhiteElo "2195"]
[BlackElo "2319"]
[PlyCount "71"]
[EventDate "2007.10.06"]
[EventType "team"]
[EventRounds "11"]
[EventCountry "AUT"]
[WhiteTeam "GOetzis"]
[BlackTeam "WOergl"]

1.d4 Nf6 2.Nf3 c5 3.d5 b5 4.Bg5 Qa5+ 5.c3 Ne4 6.Bf4 d6 7.Nbd2 Bf5 8.Qc2 Nxd2
9.Qxf5 Nxf3+ 10.exf3 Nd7 11.Qd3 Rb8 12.Be2 g6 13.Qe3 Qc7 14.Bg5 h6 15.Bh4 g5
16.Bg3 Bg7 17.f4 b4 18.O-O Bf6 19.Rab1 Qa5 20.fxg5 Bxg5 21.Qe4 Kd8 22.Qf5 bxc3
23.bxc3 Kc7 24.Qc2 Bf6 25.c4 Rxb1 26.Rxb1 Nb6 27.h3 Qa4 28.Rb3 Bd4 29.Bd3 Rg8
30.Kh2 Qa5 31.Qe2 Bf6 32.Bf4 h5 33.Rb5 Qa3 34.Rb3 Qa5 35.Rb5 Qa3 36.Rb3

[Event "2 Bundesliga West 2007/2008"]
[Site "Jenbach"]
[Date "2007.11.18"]
[Round "5"]
[Board "4"]
[White "Astl, Peter"]
[Black "Wallis, Anton"]
[Result "1-0"]
[WhiteElo "2263"]
[BlackElo "2163"]
[PlyCount "145"]
[EventDate "2007.10.06"]
[EventType "team"]
[EventRounds "11"]
[EventCountry "AUT"]
[WhiteTeam "WOergl"]
[BlackTeam "GOetzis"]

1.Nf3 d5 2.d4 Nf6 3.c4 c6 4.Qc2 g6 5.Bf4 Bg7 6.e3 Bf5 7.Qb3 Qb6 8.Nc3 Qxb3
9.axb3 O-O 10.h3 Na6 11.c5 Nb4 12.Ra4 Nd3+ 13.Bxd3 Bxd3 14.Kd2 Bf5 15.Rha1 a6
16.Rb4 Ra7 17.Ne5 Nd7 18.Nxd7 Bxd7 19.Na4 f6 20.Nb6 Bf5 21.Bc7 e5 22.Re1 Re8
23.Re2 h5 24.f3 Be6 25.f4 e4 26.Ra4 Bf8 27.Ra1 Be7 28.Rg1 f5 29.Ree1 Bd8 30.Bxd8
Rxd8 31.g3 Kf7 32.Ra1 Ke7 33.Kc3 Rh8 34.Raf1 Rf8 35.Rg2 Kf6 36.Kd2 Kg7 37.Ke2
Rf6 38.Kf2 Rf8 39.Kg1 Rf6 40.Kh2 Rf8 41.Ra1 Rd8 42.Ra5 Kf6 43.Rg1 Ke7 44.Kg2 Rf8
45.Kf2 Rh8 46.Rga1 Bd7 47.b4 Ke6 48.Kg2 Rg8 49.g4 Ke7 50.gxf5 Bxf5 51.Kh2 g5
52.Rg1 g4 53.b5 Kf6 54.h4 g3+ 55.Rxg3 Rxg3 56.Kxg3 Be6 57.bxc6 bxc6 58.Kf2 Kf5
59.Ra1 Kf6 60.b4 Kf5 61.Rg1 Kf6 62.Rg5 Bg4 63.f5 a5 64.b5 a4 65.bxc6 a3 66.Nxd5+
Kf7 67.Nc3 a2 68.Nxa2 Rxa2+ 69.Kg3 Ra6 70.d5 Ra5 71.d6 Rxc5 72.d7 Ke7 73.f6+

[Event "2 Bundesliga West 2007/2008"]
[Site "Jenbach"]
[Date "2007.11.18"]
[Round "5"]
[Board "5"]
[White "Kranz, Armin"]
[Black "Mittelberger, Peter"]
[Result "1-0"]
[WhiteElo "2172"]
[BlackElo "2232"]
[PlyCount "39"]
[EventDate "2007.10.06"]
[EventType "team"]
[EventRounds "11"]
[EventCountry "AUT"]
[WhiteTeam "GOetzis"]
[BlackTeam "WOergl"]

1.d4 d6 2.Nf3 g6 3.c4 Bg7 4.Nc3 Nf6 5.g3 O-O 6.Bg2 Nc6 7.O-O a6 8.b3 Rb8 9.Nd5
e6 10.Nxf6+ Bxf6 11.Bb2 b6 12.Qd2 Bb7 13.e4 e5 14.d5 Ne7 15.Ne1 Bg7 16.f4 Bh6
17.Nd3 Bc8 18.Qe1 f6 19.Qe2 Bd7 20.h3

[Event "2 Bundesliga West 2007/2008"]
[Site "Jenbach"]
[Date "2007.11.18"]
[Round "5"]
[Board "6"]
[White "Meier, Alexander"]
[Black "Flatz, Lothar"]
[Result "1/2-1/2"]
[WhiteElo "2142"]
[BlackElo "2156"]
[PlyCount "60"]
[EventDate "2007.10.06"]
[EventType "team"]
[EventRounds "11"]
[EventCountry "AUT"]
[WhiteTeam "WOergl"]
[BlackTeam "GOetzis"]

1.e4 d6 2.d4 Nf6 3.Nc3 g6 4.Be3 c6 5.f3 b5 6.Qd2 Nbd7 7.Nh3 Bg7 8.Nf2 b4 9.Ncd1
a5 10.Be2 O-O 11.O-O Ba6 12.Bxa6 Rxa6 13.Bh6 Bxh6 14.Qxh6 c5 15.d5 e6 16.Ne3
exd5 17.exd5 Re8 18.Rfe1 Re5 19.Qh4 Ra8 20.Nd3 Rh5 21.Qg3 Nb6 22.Nf4 Re5 23.Rad1
Qe7 24.Nf5 Rxe1+ 25.Rxe1 Qd7 26.Nh6+ Kg7 27.Qg5 Re8 28.Rxe8 Qxe8 29.Nf5+ Kg8
30.Nh6+ Kg7

[Event "2 Bundesliga West 2007/2008"]
[Site "Jenbach"]
[Date "2007.11.18"]
[Round "5"]
[Board "1"]
[White "Klocker, Benedikt"]
[Black "Bezold, Michael"]
[Result "0-1"]
[WhiteElo "2149"]
[BlackElo "2521"]
[PlyCount "78"]
[EventDate "2007.10.06"]
[EventType "team"]
[EventRounds "11"]
[EventCountry "AUT"]
[WhiteTeam "Dornbirn"]
[BlackTeam "Hohenems II"]

1.e4 g6 2.d4 Bg7 3.Nc3 d6 4.f4 a6 5.Nf3 Nd7 6.Be3 b5 7.Bd3 Bb7 8.O-O Rc8 9.e5 e6
10.Ne4 Nb6 11.b3 Ne7 12.Rc1 O-O 13.c4 Bxe4 14.Bxe4 d5 15.cxd5 Nbxd5 16.Bd2 Qd7
17.g3 Rfd8 18.Rc5 Bf8 19.Qc1 Nf5 20.Rc2 h5 21.Rd1 c6 22.Kh1 Qb7 23.Re1 Be7
24.Re2 Qb6 25.Be1 Kg7 26.Bf2 Qb7 27.Ne1 b4 28.Bg2 Nc3 29.Red2 a5 30.a3 Qb5
31.Nf3 Ne4 32.Bf1 Qd5 33.Bc4 Nexg3+ 34.Bxg3 Qxf3+ 35.Rg2 Rxd4 36.Rcd2 Rxd2
37.Qxd2 Rd8 38.Qe2 Rd1+ 39.Be1 Nd4

[Event "2 Bundesliga West 2007/2008"]
[Site "Jenbach"]
[Date "2007.11.18"]
[Round "5"]
[Board "2"]
[White "Drabke, Lorenz"]
[Black "Kanonier, Clemens"]
[Result "1-0"]
[WhiteElo "2425"]
[BlackElo "2104"]
[PlyCount "29"]
[EventDate "2007.10.06"]
[EventType "team"]
[EventRounds "11"]
[EventCountry "AUT"]
[WhiteTeam "Hohenems II"]
[BlackTeam "Dornbirn"]

1.e4 e5 2.Bc4 Nf6 3.d3 Bc5 4.Nc3 d6 5.f4 Ng4 6.f5 h5 7.Nh3 Qh4+ 8.Kf1 f6 9.Nd5
Kd8 10.b4 Bd4 11.c3 Bb6 12.Qe2 c6 13.Nxb6 axb6 14.Bd2 Na6 15.Nf2

[Event "2 Bundesliga West 2007/2008"]
[Site "Jenbach"]
[Date "2007.11.18"]
[Round "5"]
[Board "3"]
[White "Natter, Markus"]
[Black "Amann, Guenter"]
[Result "0-1"]
[WhiteElo "2122"]
[BlackElo "2322"]
[PlyCount "72"]
[EventDate "2007.10.06"]
[EventType "team"]
[EventRounds "11"]
[EventCountry "AUT"]
[WhiteTeam "Dornbirn"]
[BlackTeam "Hohenems II"]

1.e4 c5 2.Na3 d6 3.Nf3 Nc6 4.Bb5 Qc7 5.O-O Nf6 6.Re1 Bd7 7.c3 a6 8.Bf1 Bg4 9.h3
Bh5 10.d4 Bxf3 11.gxf3 e5 12.d5 Nb8 13.f4 Nbd7 14.fxe5 dxe5 15.Bg2 b5 16.c4 b4
17.Nc2 Bd6 18.b3 g6 19.Bf3 a5 20.a4 O-O-O 21.Kf1 h5 22.Bg5 Rde8 23.Qd2 Nh7
24.Bg2 f6 25.Be3 f5 26.f3 Ndf6 27.Ke2 f4 28.Bf2 g5 29.Kd3 Reg8 30.Qe2 g4 31.hxg4
hxg4 32.fxg4 Nxg4 33.Bh3 Nhf6 34.Rh1 Qd7 35.Kd2 Rxh3 36.Rxh3 Nxf2

[Event "2 Bundesliga West 2007/2008"]
[Site "Jenbach"]
[Date "2007.11.18"]
[Round "5"]
[Board "4"]
[White "Grabher, Heinz"]
[Black "Gsteu, Peter"]
[Result "1/2-1/2"]
[WhiteElo "2258"]
[BlackElo "2080"]
[PlyCount "59"]
[EventDate "2007.10.06"]
[EventType "team"]
[EventRounds "11"]
[EventCountry "AUT"]
[WhiteTeam "Hohenems II"]
[BlackTeam "Dornbirn"]

1.e4 e6 2.d4 d5 3.Nc3 Nf6 4.e5 Nfd7 5.f4 c5 6.Nf3 Nc6 7.Be3 a6 8.Qd2 Be7 9.dxc5
Bxc5 10.Bxc5 Nxc5 11.O-O-O O-O 12.g3 b5 13.Bd3 Bd7 14.g4 b4 15.Ne2 a5 16.Kb1 a4
17.Qe3 Nxd3 18.cxd3 a3 19.b3 f6 20.Rc1 fxe5 21.Nxe5 Nxe5 22.Qxe5 Qf6 23.Qxf6
gxf6 24.Rc7 Bb5 25.Kc2 Rac8 26.Rxc8 Rxc8+ 27.Kd2 e5 28.fxe5 fxe5 29.Re1 Kg7
30.Ng3

[Event "2 Bundesliga West 2007/2008"]
[Site "Jenbach"]
[Date "2007.11.18"]
[Round "5"]
[Board "5"]
[White "Klocker, Daniel"]
[Black "Baldauf, Marco"]
[Result "0-1"]
[WhiteElo "2067"]
[BlackElo "2236"]
[PlyCount "74"]
[EventDate "2007.10.06"]
[EventType "team"]
[EventRounds "11"]
[EventCountry "AUT"]
[WhiteTeam "Dornbirn"]
[BlackTeam "Hohenems II"]

1.e4 e6 2.d4 d5 3.Nd2 Be7 4.c3 c5 5.exd5 Qxd5 6.Ngf3 Nf6 7.Bc4 Qc6 8.O-O b5
9.Be2 Bb7 10.Nb3 c4 11.Na5 Qb6 12.Nxb7 Qxb7 13.a4 a6 14.b3 Nd5 15.Bd2 b4 16.bxc4
Nxc3 17.Bxc3 bxc3 18.Ne5 Qc7 19.Bh5 O-O 20.Qf3 g6 21.Qxa8 gxh5 22.Qe4 f6 23.Ng6
hxg6 24.Qxg6+ Kh8 25.Rae1 Bb4 26.Rxe6 Qh7 27.Rxf6 Qxg6 28.Rxg6 c2 29.Re6 Bd2
30.Ree1 Bxe1 31.Rxe1 Rc8 32.Rc1 Rxc4 33.Kf1 Nc6 34.Ke2 Nxd4+ 35.Kd3 Rxa4 36.h3
Rb4 37.Ke4 Rb1

[Event "2 Bundesliga West 2007/2008"]
[Site "Jenbach"]
[Date "2007.11.18"]
[Round "5"]
[Board "6"]
[White "Sandholzer, Robert"]
[Black "Haertl, Siegfried"]
[Result "1/2-1/2"]
[WhiteElo "2108"]
[BlackElo "2040"]
[PlyCount "69"]
[EventDate "2007.10.06"]
[EventType "team"]
[EventRounds "11"]
[EventCountry "AUT"]
[WhiteTeam "Hohenems II"]
[BlackTeam "Dornbirn"]

1.d4 Nf6 2.Nf3 e6 3.c4 d5 4.Nc3 Bb4 5.Qa4+ Nc6 6.Bg5 Bd7 7.Qc2 h6 8.Bxf6 Qxf6
9.e3 O-O 10.a3 Bxc3+ 11.bxc3 Rad8 12.Bd3 Rfe8 13.O-O g5 14.Rfe1 g4 15.Nd2 Ne7
16.cxd5 exd5 17.e4 c6 18.Nf1 dxe4 19.Bxe4 Kh8 20.Ng3 Nd5 21.Qb3 Bc8 22.Bxd5
Rxe1+ 23.Rxe1 cxd5 24.Qb5 Qc6 25.Qb4 Re8 26.Re7 Rxe7 27.Qxe7 Qe6 28.Qf8+ Kh7
29.Nf1 Qf5 30.Qe7 Qe6 31.Qxe6 Bxe6 32.Nd2 f5 33.Kf1 Kg6 34.Ke2 Kg5 35.g3

[Event "2 Bundesliga West 2007/2008"]
[Site "Schwaz"]
[Date "2008.01.25"]
[Round "6"]
[Board "1"]
[White "Neuschmied, Siegfried"]
[Black "Anistratov, Dmitrij"]
[Result "1/2-1/2"]
[WhiteElo "2319"]
[BlackElo "2376"]
[PlyCount "96"]
[EventDate "2007.10.06"]
[EventType "team"]
[EventRounds "11"]
[EventCountry "AUT"]
[WhiteTeam "WOergl"]
[BlackTeam "Dornbirn"]

1.e4 d6 2.d4 Nf6 3.Nc3 e5 4.dxe5 dxe5 5.Qxd8+ Kxd8 6.Bg5 Be6 7.O-O-O+ Nbd7 8.f4
exf4 9.Nf3 Kc8 10.Bxf4 Bb4 11.Nd5 Bxd5 12.exd5 Bd6 13.g3 Re8 14.Bxd6 cxd6 15.Nd4
Re5 16.Bg2 a6 17.Rhf1 Kc7 18.Rf4 Rg8 19.Nf5 Ne8 20.Rdf1 Re2 21.Bf3 Rxh2 22.Rc4+
Kd8 23.Rb4 g6 24.Nd4 Kc7 25.Rc4+ Kb8 26.Rb4 Ka7 27.Bd1 Ne5 28.Nf3 Nxf3 29.Rxf3
f5 30.g4 Rf8 31.Re3 Nc7 32.Re7 Kb8 33.gxf5 Rxf5 34.Rd7 Rxd5 35.Bf3 Rb5 36.Rf4
Rd5 37.c3 Rf5 38.Rxf5 gxf5 39.Rxd6 Rf2 40.Rd8+ Ka7 41.Bd1 Ne6 42.Rd7 Nc5 43.Rd5
Ne4 44.Rd7 Ng5 45.Bb3 Ne4 46.Rxh7 Rf1+ 47.Kc2 Rf2+ 48.Kc1 Rf1+

[Event "2 Bundesliga West 2007/2008"]
[Site "Schwaz"]
[Date "2008.01.25"]
[Round "6"]
[Board "2"]
[White "Stiepan, Hans Michael"]
[Black "Eybl, Alexander"]
[Result "1/2-1/2"]
[WhiteElo "2113"]
[BlackElo "2273"]
[PlyCount "59"]
[EventDate "2007.10.06"]
[EventType "team"]
[EventRounds "11"]
[EventCountry "AUT"]
[WhiteTeam "Dornbirn"]
[BlackTeam "WOergl"]

1.d4 Nf6 2.Nf3 e6 3.c4 Bb4+ 4.Bd2 Qe7 5.g3 O-O 6.Bg2 Bxd2+ 7.Nbxd2 d6 8.O-O e5
9.e4 Bg4 10.d5 a5 11.Qc2 Bxf3 12.Nxf3 Nbd7 13.b3 g6 14.a3 Nh5 15.Nh4 Nf4 16.b4
b6 17.Rfe1 Nxg2 18.Nxg2 f5 19.f4 fxe4 20.Qxe4 Qf6 21.Rf1 axb4 22.axb4 Rxa1
23.Rxa1 exf4 24.Qe6+ Qxe6 25.dxe6 Ne5 26.Nxf4 c6 27.b5 Re8 28.bxc6 Nxc6 29.Ra6
g5 30.Rxb6